Logo BPK

Biblioteka

Politechniki Koszalińskiej

Wpływ kąta obrotu próbki oraz powłok z tworzyw sztucznych na wytrzymałość zmęczeniową stali 40 przy udarowym zginaniu / (Rekord nr 26047)

Szczegóły MARC
000 -ETYKIETA REKORDU
podpole kontrolne o stałej długości 00479nam a2200145 i 4500
001 - NUMER KONTROLNY REKORDU
pole kontrolne bg
040 ## - ŹRÓDŁO KATALOGOWANIA
Instytucja, która utworzyła rekord BPK
041 ## - KOD JĘZYKA
Kod języka tekstu pol
008 - POLE O STAŁEJ DŁUGOŚCI - DANE KONTROLNE
podpole kontrolne o stałej długości s pl f |000 0 pol
100 1# - NAZWA OSOBOWA
Nazwa osobowa OŚWIĘCIMSKI, Wiesław
245 #0 - TYTUŁ/ODPOWIEDZIALNOŚĆ
Tytuł Wpływ kąta obrotu próbki oraz powłok z tworzyw sztucznych na wytrzymałość zmęczeniową stali 40 przy udarowym zginaniu /
Pozostałe elementy strefy tytułu i oznaczenia odpowiedzialności Wiesław Oświęcinski, Tadeusz Porębski.
260 ## - STREFA ADRESU WYDAWNICZEGO
Miejsce wydania Wrocław,
Data publikacji, dystrybucji/powstania dokumentu 1973.
700 1# - HASŁO DODATKOWE - NAZWA OSOBOWA
Nazwa osobowa PORĘBSKI, Tadeusz
856 ## - LOKALIZACJA I DOSTĘP DO ELEKTRONICZNYCH DOKUMENTÓW ZDALNYCH
Link (URL) http://koha.tu.koszalin.pl/cgi-bin/koha/opac-detail.pl?biblionumber=26047
Tekst linku Katalog online BPK
942 ## - DODATKOWE ELEMENTY (KOHA)
Typ dokumentu Książka
Egzemplarze
Wycofany Status egzemplarza Uszkodzony Dostępność Lokalizacja stała Lokalizacja bieżąca Miejsce przechowywania Sygnatura Kod kreskowy Typ dokumentu
      Dostępny Biblioteka Politechniki Koszalińskiej Biblioteka Politechniki Koszalińskiej Wypożyczalnia BG 17159 01710748 Książka
© 2023 Biblioteka Politechniki Koszalińskiej :: KOHA